<?xml version="1.0" encoding="UTF-8"?>
<record
    xmlns:xsi="http://www.w3.org/2001/XMLSchema-instance"
    xsi:schemaLocation="http://www.loc.gov/MARC21/slim http://www.loc.gov/standards/marcxml/schema/MARC21slim.xsd"
    xmlns="http://www.loc.gov/MARC21/slim">

  <leader>02102nam a2200289 u 4500</leader>
  <controlfield tag="001">1405898</controlfield>
  <controlfield tag="005">20240706090110.0</controlfield>
  <controlfield tag="007">cr|||||||</controlfield>
  <controlfield tag="008">150411e20120906                    spa  </controlfield>
  <datafield tag="035" ind1=" " ind2=" ">
    <subfield code="a">1405898</subfield>
  </datafield>
  <datafield tag="040" ind1=" " ind2=" ">
    <subfield code="c">comduadb</subfield>
  </datafield>
  <datafield tag="041" ind1=" " ind2=" ">
    <subfield code="a">spa</subfield>
  </datafield>
  <datafield tag="080" ind1=" " ind2=" ">
    <subfield code="a">PCI</subfield>
  </datafield>
  <datafield tag="100" ind1="1" ind2="0">
    <subfield code="a">Vel&#xE1;squez P&#xE9;rez, Isabel Cristina</subfield>
    <subfield code="4">aut</subfield>
    <subfield code="e">aut</subfield>
    <subfield code="9">640787</subfield>
  </datafield>
  <datafield tag="245" ind1="1" ind2="0">
    <subfield code="a">Modelo estoc&#xE1;stico de simulaci&#xF3;n de p&#xE9;rdida por lucro cesante en EPM</subfield>
  </datafield>
  <datafield tag="260" ind1=" " ind2=" ">
    <subfield code="a">Medell&#xED;n :</subfield>
    <subfield code="b">[sin publicador],</subfield>
    <subfield code="c">2012.</subfield>
  </datafield>
  <datafield tag="300" ind1=" " ind2=" ">
    <subfield code="a">42 p&#xE1;ginas</subfield>
  </datafield>
  <datafield tag="520" ind1="3" ind2=" ">
    <subfield code="a">Este trabajo contiene en su marco te&#xF3;rico una breve explicaci&#xF3;n del mercado de energ&#xED;a mayorista, como pre&#xE1;mbulo para el desarrollo del modelo estoc&#xE1;stico de simulaci&#xF3;n de p&#xE9;rdida por lucro cesante en compa&#xF1;&#xED;as de energ&#xED;a, que se basa en un esquema que da a entender su funcionamiento, en qu&#xE9; consiste el modelo, y cu&#xE1;l es su finalidad. El esquema contiene tres elementos fundamentales llamados variables, que sirven para clasificar la informaci&#xF3;n y dise&#xF1;ar finalmente el modelo. Las variables utilizadas son aleatorias, determin&#xED;sticas, y de sensibilidad, siendo esta &#xFA;ltima la que hace referencia al siniestro causante del lucro cesante. En esta parte del modelo se encuentra la opci&#xF3;n para elegir cu&#xE1;l es la capacidad afectada de una o m&#xE1;s centrales de EPM, en que &#xE9;poca del a&#xF1;o ocurre la interrupci&#xF3;n, y que duraci&#xF3;n tiene. Es con la elecci&#xF3;n de tal siniestro que el modelo arroja un valor aproximado de la indemnizaci&#xF3;n que le corresponde a Empresas P&#xFA;blicas de Medell&#xED;n.</subfield>
  </datafield>
  <datafield tag="650" ind1=" " ind2=" ">
    <subfield code="a">Lucro cesante</subfield>
    <subfield code="9">108188</subfield>
  </datafield>
  <datafield tag="650" ind1=" " ind2=" ">
    <subfield code="a">Generaci&#xF3;n de energ&#xED;a</subfield>
    <subfield code="9">29895</subfield>
  </datafield>
  <datafield tag="650" ind1=" " ind2="7">
    <subfield code="a">Hidrolog&#xED;a</subfield>
    <subfield code="2">embne</subfield>
    <subfield code="9">175806</subfield>
  </datafield>
  <datafield tag="650" ind1=" " ind2=" ">
    <subfield code="a">Modelos estoc&#xE1;sticos</subfield>
    <subfield code="9">59616</subfield>
  </datafield>
  <datafield tag="700" ind1="1" ind2="0">
    <subfield code="a">Ca&#xF1;&#xF3;n Barriga, Julio Eduardo</subfield>
    <subfield code="4">ths</subfield>
    <subfield code="e">ths</subfield>
    <subfield code="9">606626</subfield>
  </datafield>
  <datafield tag="787" ind1="0" ind2="8">
    <subfield code="i">T&#xED;tulo del grado otorgado</subfield>
    <subfield code="t">Revisi&#xF3;n y an&#xE1;lisis del estado del arte sobre metodolog&#xED;as de estimaci&#xF3;n de costos y presupuestos aplicadas a la construcci&#xF3;n de proyectos de infraestructura</subfield>
    <subfield code="d">2012</subfield>
    <subfield code="w">1405900</subfield>
  </datafield>
  <datafield tag="856" ind1="4" ind2=" ">
    <subfield code="u">https://drive.google.com/open?id=0BwecnWVz7HZob2tWUm55eUxObXM&amp;authuser=0</subfield>
  </datafield>
  <datafield tag="942" ind1=" " ind2=" ">
    <subfield code="c">BOOK</subfield>
    <subfield code="n">0</subfield>
  </datafield>
  <datafield tag="999" ind1=" " ind2=" ">
    <subfield code="c">712207</subfield>
    <subfield code="d">712207</subfield>
  </datafield>
</record>
